Statistics for Guess The Celebrity - By Picture

Click here to take the quiz!

General Stats

  • This quiz has been taken 13,266 times
  • The average score is 12 of 20

Answer Stats

Answer% Correct
Donald Trump
97%
Ed Sheeran
97%
Selena Gomez
87%
Elon Musk
86%
Adele
85%
Nicki Minaj
85%
Beyonce
80%
Adam Sandler
79%
Tom Cruise
79%
Katy Perry
77%
Tom Hanks
63%
Jennifer Lopez
56%
George Clooney
53%
Julia Roberts
51%
Jamie Foxx
46%
Ricky Gervais
31%
Tiger Woods
27%
Chrissy Teigen
25%
Manu Feildel
3%
Isaac Hanson
2%

Score Distribution

Percentile by Number Answered

Percent of People with Each Score

Your Score History

You have not taken this quiz